[Event "Astana Zhuldyzdary Open A"]
[Site "Astana KAZ"]
[Date "2023.07.11"]
[Round "1.51"]
[White "Volchkova, Alena"]
[Black "Zverev, Lev"]
[Result "0-1"]
[BlackTitle "FM"]
[WhiteElo "1824"]
[BlackElo "2319"]
[WhiteFideId "54104408"]
[BlackFideId "24250775"]
[EventDate "2023.07.11"]

1. e4 e5 2. Nf3 Nc6 3. Bb5 a6 4. Ba4 Nf6 5. O-O b5 6. Bb3 Bc5 7. c3 d6 8. d4 Bb6
9. a4 Rb8 10. a5 Ba7 11. Be3 Bg4 12. dxe5 Bxf3 13. Qxf3 Nxe5 14. Qe2 Bxe3 15.
Qxe3 O-O 16. Nd2 Re8 17. f4 Nc4 18. Bxc4 bxc4 19. Nxc4 Rxe4 20. Qd3 Qe7 21. b4
Re8 22. Rad1 Qe6 23. Nd2 Re2 24. f5 Qe7 25. Nf3 Ng4 26. Nd4 Re3 27. Qxa6 Qh4 28.
h3 Rxh3 0-1

[Event "Astana Zhuldyzdary Open A"]
[Site "Astana KAZ"]
[Date "2023.07.11"]
[Round "1.52"]
[White "Ashraf, Artin"]
[Black "Sovetbekova, Nurai"]
[Result "1-0"]
[WhiteTitle "FM"]
[BlackTitle "WFM"]
[WhiteElo "2309"]
[BlackElo "1823"]
[WhiteFideId "22514805"]
[BlackFideId "13801910"]
[EventDate "2023.07.11"]

1. d4 Nf6 2. c4 e6 3. Nf3 d5 4. g3 dxc4 5. Bg2 c5 6. O-O Nc6 7. dxc5 Qxd1 8.
Rxd1 Bxc5 9. Nbd2 c3 10. bxc3 O-O 11. Nb3 Be7 12. Bb2 Bd7 13. c4 Rfd8 14. Nfd4
Rac8 15. Nb5 Be8 16. c5 Nd5 17. Nd6 Bxd6 18. cxd6 Ncb4 19. e4 Nc3 20. Rd2 Ba4
21. a3 Bxb3 22. axb4 Nb5 23. e5 b6 24. Bb7 Rc4 25. Ba6 Rxb4 26. Rc1 Bc4 27. Rxc4
Rxc4 28. Bxb5 Rc5 29. Ba6 Rd7 30. Bd4 Rc1+ 31. Kg2 f6 32. f4 Kf7 33. Ra2 f5 34.
h3 g6 35. g4 Kf8 36. Bf2 h6 37. Bb5 Rb7 38. Rd2 1-0

[Event "Astana Zhuldyzdary Open A"]
[Site "Astana KAZ"]
[Date "2023.07.11"]
[Round "1.53"]
[White "Khamit, Daulet"]
[Black "Kassimov, Baurzhan"]
[Result "0-1"]
[BlackTitle "IM"]
[WhiteElo "1822"]
[BlackElo "2304"]
[WhiteFideId "13709542"]
[BlackFideId "13704800"]
[EventDate "2023.07.11"]

1. f4 d5 2. Nf3 g6 3. e3 Bg7 4. d4 Nh6 5. Be2 O-O 6. O-O c5 7. c3 b6 8. b3 Qc7
9. Bd3 Bf5 10. Be2 Bc8 11. Bd3 Rd8 12. Qe2 Bf5 13. Ba3 Bxd3 14. Qxd3 Nd7 15.
Nbd2 Nf6 16. Rac1 Nf5 17. Ne5 Rac8 18. Rfd1 Qb7 19. Qe2 e6 20. Ndf3 Ne4 21. g4
Nfd6 22. g5 cxd4 23. Bxd6 Rxd6 24. cxd4 Nc3 25. Qc2 Rdd8 26. Re1 Qa6 27. Nc4 Nb5 0-1

[Event "Astana Zhuldyzdary Open A"]
[Site "Astana KAZ"]
[Date "2023.07.11"]
[Round "1.54"]
[White "Radzhabov, Rodion"]
[Black "Kaliakhmet, Elnaz"]
[Result "1-0"]
[WhiteTitle "FM"]
[BlackTitle "WFM"]
[WhiteElo "2303"]
[BlackElo "1818"]
[WhiteFideId "884715"]
[BlackFideId "13730169"]
[EventDate "2023.07.11"]

1. e4 c5 2. Nc3 Nc6 3. Bb5 Nd4 4. Bc4 d6 5. Nge2 Nf6 6. O-O a6 7. a4 g6 8. d3
Nc6 9. f4 Bg7 10. f5 O-O 11. fxg6 hxg6 12. Bg5 Ne5 13. Ba2 Bg4 14. h3 Bd7 15.
Qe1 b5 16. axb5 axb5 17. Qh4 c4 18. d4 Nc6 19. Nd5 Nxd5 20. exd5 Nb4 21. Bxe7
Qb6 22. Bxf8 Kxf8 23. c3 Nc2 24. Rac1 Ne3 25. Bb1 Nxf1 26. Rxf1 Kg8 27. Ng3 b4
28. Qe7 Be8 29. Ne4 Rd8 30. Ng5 Bf8 31. Qe4 Qc7 32. Qh4 Bg7 33. Qh7+ Kf8 34.
Ne6+ 1-0

[Event "Astana Zhuldyzdary Open A"]
[Site "Astana KAZ"]
[Date "2023.07.11"]
[Round "1.55"]
[White "Zhakan, Erasyl"]
[Black "Suleimen, Ergali"]
[Result "0-1"]
[BlackTitle "FM"]
[WhiteElo "1813"]
[BlackElo "2296"]
[WhiteFideId "13722271"]
[BlackFideId "13724452"]
[EventDate "2023.07.11"]

1. Nf3 Nf6 2. c4 g6 3. b3 Bg7 4. Bb2 O-O 5. e3 d6 6. Be2 e5 7. d4 e4 8. Nfd2 Re8
9. Nc3 h5 10. h3 c5 11. d5 h4 12. Qc2 a6 13. Rb1 Bf5 14. Nf1 b5 15. cxb5 Bd7 16.
a4 axb5 17. axb5 Nh7 18. Nd2 Ng5 19. Nc4 Bf5 20. Bg4 Bxg4 21. hxg4 h3 22. gxh3
Nf3+ 23. Ke2 f5 24. Nd2 Nd4+ 25. exd4 cxd4 26. Ncxe4 fxe4 27. Nxe4 Nd7 28. Kf1
Qe7 29. Ng3 Qf7 30. Qd3 Re3 31. Qc4 Rxg3 32. Bxd4 Qf3 33. Rg1 Bxd4 34. Qxd4
Rxg1+ 35. Kxg1 Qxh3 36. Qe3 Qxg4+ 37. Qg3 Qe4 38. Rf1 Rf8 39. Qxd6 Ne5 40. Qe6+
Kg7 41. f4 Qe3+ 42. Kg2 Qe2+ 43. Rf2 Qe4+ 44. Kg1 Nf3+ 45. Kf1 Qxf4 46. Qe2 Qc1+
47. Kg2 Qg1+ 48. Kh3 Rh8# 0-1

[Event "Astana Zhuldyzdary Open A"]
[Site "Astana KAZ"]
[Date "2023.07.12"]
[Round "2.1"]
[White "Niemann, Hans Moke"]
[Black "Gan-Erdene, Sugar"]
[Result "1/2-1/2"]
[WhiteTitle "GM"]
[BlackTitle "IM"]
[WhiteElo "2674"]
[BlackElo "2418"]
[WhiteFideId "2093596"]
[BlackFideId "4902980"]
[EventDate "2023.07.11"]

1. d4 Nf6 2. c4 e6 3. Nf3 d5 4. g3 Bb4+ 5. Bd2 Be7 6. Bg2 O-O 7. O-O c6 8. Qc2
Nbd7 9. Rc1 a5 10. a3 b6 11. cxd5 cxd5 12. Nc3 Ba6 13. Qb3 Ne4 14. Nb5 Nxd2 15.
Nxd2 Rc8 16. Na7 Rxc1+ 17. Rxc1 Qa8 18. Rc7 Qd8 19. Rc2 Bxe2 20. Rc8 Qxc8 21.
Nxc8 Rxc8 22. Qe3 Rc1+ 23. Nf1 Rc2 24. Bxd5 Nf6 25. Be4 Rxb2 26. Qc3 Ra2 27. Bf3
Bxf3 28. Qxf3 Nd5 29. Qb3 Rxa3 30. Qb5 Ra1 31. Kg2 Rd1 32. h4 g6 33. Nh2 h5 34.
Nf3 Bf6 35. Qa4 Rd3 36. Qb5 Rd1 37. Qa4 Rd3 38. Qb5 Rd1 1/2-1/2

[Event "Astana Zhuldyzdary Open A"]
[Site "Astana KAZ"]
[Date "2023.07.12"]
[Round "2.2"]
[White "Zhalmakhanov, Ramazan"]
[Black "Sargsyan, Shant"]
[Result "1/2-1/2"]
[WhiteTitle "IM"]
[BlackTitle "GM"]
[WhiteElo "2413"]
[BlackElo "2654"]
[WhiteFideId "13706357"]
[BlackFideId "13306766"]
[EventDate "2023.07.11"]

1. e4 c5 2. Nc3 a6 3. Nge2 d6 4. g3 e5 5. Bg2 g6 6. O-O Bg7 7. d3 Nc6 8. Nd5
Nce7 9. Ne3 Nf6 10. f4 exf4 11. Nxf4 O-O 12. a4 Rb8 13. a5 Nc6 14. Bd2 h5 15. h3
Nh7 16. Nc4 Ng5 17. Kh2 Be6 18. Nxe6 Nxe6 19. h4 Ne5 20. Ne3 Nc6 21. Nc4 Ne5 22.
Ne3 Nc6 23. Nc4 1/2-1/2

[Event "Astana Zhuldyzdary Open A"]
[Site "Astana KAZ"]
[Date "2023.07.12"]
[Round "2.3"]
[White "Aitbayev, Aslan"]
[Black "Rakhmanov, Aleksandr"]
[Result "1/2-1/2"]
[WhiteTitle "IM"]
[BlackTitle "GM"]
[WhiteElo "2403"]
[BlackElo "2620"]
[WhiteFideId "13704613"]
[BlackFideId "4173708"]
[EventDate "2023.07.11"]

1. e4 e5 2. Nf3 Nf6 3. d4 Nxe4 4. Bd3 d5 5. Nxe5 Nd7 6. Nxd7 Bxd7 7. O-O Be7 8.
Nc3 Nf6 9. Bf4 O-O 10. Re1 c6 11. h3 Re8 12. Be5 Be6 13. Ne2 Nd7 14. Bf4 Nf8 1/2-1/2

[Event "Astana Zhuldyzdary Open A"]
[Site "Astana KAZ"]
[Date "2023.07.12"]
[Round "2.4"]
[White "Tsaruk, Maksim"]
[Black "Sethuraman, S.P."]
[Result "1-0"]
[WhiteTitle "FM"]
[BlackTitle "GM"]
[WhiteElo "2393"]
[BlackElo "2602"]
[WhiteFideId "13511173"]
[BlackFideId "5021596"]
[EventDate "2023.07.11"]

1. e4 c5 2. Nf3 d6 3. Bb5+ Nd7 4. O-O a6 5. Bd3 Ngf6 6. Re1 e6 7. c3 b5 8. Bc2
Bb7 9. d4 Be7 10. a4 cxd4 11. cxd4 b4 12. a5 O-O 13. Nbd2 Qc7 14. Bd3 Rfe8 15.
Nb3 Bc6 16. Qe2 Qb7 17. Bf4 Bf8 18. Nfd2 e5 19. Bg3 exd4 20. Nxd4 Nc5 21. Nxc6
Nxd3 22. Qxd3 Qxc6 23. Rac1 Qb7 24. Bxd6 Bxd6 25. Qxd6 Rad8 26. Qf4 Rd4 27. f3
Rd3 28. Nc4 Qd7 29. Qh4 h6 30. e5 Nd5 31. Nd6 Rf8 32. Rcd1 Rxd1 33. Rxd1 Ne3 34.
Rd3 Nc2 35. h3 Qa4 36. f4 Qxa5 37. Kh2 Qc5 38. Nf5 Qb6 39. Rd6 Qc7 40. Rxh6 f6
41. Rh8+ Kf7 42. Rxf8+ 1-0

[Event "Astana Zhuldyzdary Open A"]
[Site "Astana KAZ"]
[Date "2023.07.12"]
[Round "2.5"]
[White "Smirin, Ilia"]
[Black "Stribuk, Artiom"]
[Result "1/2-1/2"]
[WhiteTitle "GM"]
[BlackTitle "FM"]
[WhiteElo "2595"]
[BlackElo "2408"]
[WhiteFideId "2801990"]
[BlackFideId "13515659"]
[EventDate "2023.07.11"]

1. e4 c5 2. Nf3 d6 3. Nc3 Nc6 4. d4 cxd4 5. Nxd4 Nf6 6. Be2 g6 7. O-O Bg7 8. Nb3
O-O 9. Re1 b6 10. Bf1 Bb7 11. Bg5 Rc8 12. Qd2 Ne5 13. Rad1 Qc7 14. Bh6 Nc4 15.
Bxc4 Qxc4 16. Bxg7 Kxg7 17. Qe3 Rfd8 18. h3 e5 19. a3 Qe6 20. Rd3 Ba6 21. Rd2 d5
22. exd5 1/2-1/2

[Event "Astana Zhuldyzdary Open A"]
[Site "Astana KAZ"]
[Date "2023.07.12"]
[Round "2.6"]
[White "Kazakov, Konstantin"]
[Black "Ponkratov, Pavel"]
[Result "0-1"]
[WhiteTitle "IM"]
[BlackTitle "GM"]
[WhiteElo "2389"]
[BlackElo "2589"]
[WhiteFideId "13700898"]
[BlackFideId "4157800"]
[EventDate "2023.07.11"]

1. d4 Nf6 2. Bf4 c5 3. d5 b5 4. f3 g6 5. e4 Bg7 6. a4 b4 7. Bc4 d6 8. Ne2 Nbd7
9. c3 O-O 10. Ng3 Ne5 11. Bxe5 dxe5 12. O-O Ne8 13. Re1 Nd6 14. Bf1 c4 15. Nd2
bxc3 16. bxc3 Qa5 17. Kh1 Ba6 18. Qc2 Rab8 19. Be2 Bh6 20. Ngf1 Qc5 21. Bd1 Rb6
22. g3 Rfb8 23. Ra2 Kg7 24. Kg2 Rb3 25. f4 Qa5 26. Re3 exf4 27. Rf3 fxg3 28.
Nxg3 Kg8 29. e5 Ne8 30. Nf5 gxf5 31. Qxf5 Qxd5 32. Bc2 Qxd2+ 33. Kf1 Rb1+ 34.
Bxb1 Qd1+ 35. Kf2 Qxb1 36. Qxf7+ Kh8 37. Rd2 Nd6 38. exd6 Bxd2 39. dxe7 Qe1+ 40.
Kg2 Qe2+ 41. Kg3 Bh6 42. Qf6+ Bg7 43. Qf8+ Bxf8 44. Rxf8+ Kg7 0-1

[Event "Astana Zhuldyzdary Open A"]
[Site "Astana KAZ"]
[Date "2023.07.12"]
[Round "2.7"]
[White "Moiseenko, Alexander"]
[Black "Ansat, Aldiyar"]
[Result "1/2-1/2"]
[WhiteTitle "GM"]
[BlackTitle "IM"]
[WhiteElo "2575"]
[BlackElo "2400"]
[WhiteFideId "14102560"]
[BlackFideId "13715658"]
[EventDate "2023.07.11"]

1. d4 Nf6 2. c4 g6 3. Nc3 d5 4. Nf3 Bg7 5. Qb3 c6 6. cxd5 cxd5 7. Bf4 O-O 8. e3
Nc6 9. h3 Na5 10. Qb4 Nc6 11. Qa3 Bf5 12. Be2 a5 13. O-O Nb4 14. Rac1 Nd3 15.
Bxd3 Bxd3 16. Rfe1 Rc8 17. Nxd5 Qxd5 18. Qxd3 Qxa2 19. Qb5 Qd5 20. Qa4 Ne4 21.
Be5 e6 22. Bxg7 Kxg7 23. Ne5 Rfd8 24. Qa3 Nd6 25. h4 f6 26. Nd3 e5 27. dxe5 fxe5
28. e4 Qe6 29. Qxa5 Nf7 30. Qb5 b6 31. Rxc8 Rxc8 32. Nb4 Qb3 33. Qxb6 Qxb2 34.
Nd5 Qxb6 35. Nxb6 Rb8 36. Nd7 Rc8 37. f3 Re8 38. Rd1 h5 39. Rd5 Re7 40. Kf2 Re6
41. Ke3 Re7 42. g3 Re6 43. f4 exf4+ 44. gxf4 Ra6 45. Nc5 Ra3+ 46. Rd3 Ra1 47.
Rd7 Kf8 48. e5 Nh6 49. Ke4 Nf5 50. e6 Re1+ 51. Kd5 Ne7+ 52. Kd6 Nf5+ 53. Kc7 Ke8
54. Rh7 Nxh4 55. Rg7 Rc1 56. Kb6 Rb1+ 57. Kc6 Nf5 58. Rg8+ Ke7 59. Rxg6 Rd1 60.
Rg5 Nd4+ 61. Kc7 Nxe6+ 62. Nxe6 Kxe6 63. Rxh5 Rf1 64. Rh4 Kf5 65. Kd6 Rxf4 66.
Rxf4+ Kxf4 1/2-1/2

[Event "Astana Zhuldyzdary Open A"]
[Site "Astana KAZ"]
[Date "2023.07.12"]
[Round "2.8"]
[White "Alekseev, Evgeny"]
[Black "Kuderinov, Kirill"]
[Result "1/2-1/2"]
[WhiteTitle "GM"]
[BlackTitle "IM"]
[WhiteElo "2563"]
[BlackElo "2386"]
[WhiteFideId "4138147"]
[BlackFideId "13701568"]
[EventDate "2023.07.11"]

1. e4 a6 2. d4 e6 3. Bd3 c5 4. Nf3 cxd4 5. Nxd4 Nf6 6. O-O d6 7. c4 Be7 8. Nc3
O-O 9. Qe2 e5 10. Nf3 Bg4 11. h3 Bh5 12. g4 Bg6 13. Be3 Nc6 14. Rad1 Nd7 15. Bb1
Qb8 16. Nd5 Bd8 17. h4 h6 18. h5 Bh7 19. g5 Nc5 20. gxh6 Qc8 21. Nh2 Nd4 22.
Bxd4 exd4 23. hxg7 Re8 24. Qf3 Qe6 25. Rxd4 Kxg7 26. Ng4 Nd7 27. Rfd1 Ne5 28.
Nxe5 dxe5 29. R4d2 Kh8 30. Kh2 Rc8 31. Bd3 Qh6 32. Rc2 Rg8 33. Rg1 Bg5 34. Rg3
Rg7 35. Bf1 1/2-1/2

[Event "Astana Zhuldyzdary Open A"]
[Site "Astana KAZ"]
[Date "2023.07.12"]
[Round "2.9"]
[White "Ibadov, Dashgyn"]
[Black "Lobanov, Sergei"]
[Result "0-1"]
[WhiteTitle "IM"]
[BlackTitle "GM"]
[WhiteElo "2372"]
[BlackElo "2547"]
[WhiteFideId "24107514"]
[BlackFideId "24183750"]
[EventDate "2023.07.11"]

1. d4 Nf6 2. Nf3 d5 3. Bf4 e6 4. e3 Bd6 5. Ne5 O-O 6. Nd2 c5 7. c3 Qc7 8. Bd3
Nc6 9. Ndf3 Ne4 10. O-O cxd4 11. cxd4 f6 12. Nxc6 Bxf4 13. exf4 bxc6 14. g3 Qb6
15. Qe2 c5 16. dxc5 Nxc5 17. Rfe1 Bb7 18. Rad1 Rae8 19. Bb1 Ne4 20. Bxe4 dxe4
21. Nd4 Rd8 22. Qe3 Rd5 23. Rd2 Rfd8 24. Red1 Kf7 25. Nb3 Rc8 26. Rxd5 Bxd5 27.
Nd4 Qxb2 28. f5 Qxa2 29. fxe6+ Bxe6 30. Nb5 Qa4 31. Nd6+ Kg8 32. Re1 Rd8 33.
Nxe4 Bh3 34. Nc3 Qc6 35. f3 h5 36. Ne4 a5 37. Rc1 Qd5 38. Ra1 Ra8 39. Qc3 a4 40.
Kf2 Bf5 41. Nd2 0-1

[Event "Astana Zhuldyzdary Open A"]
[Site "Astana KAZ"]
[Date "2023.07.12"]
[Round "2.10"]
[White "Muradli, Mahammad"]
[Black "Suyarov, Mukhammadzokhid"]
[Result "1-0"]
[WhiteTitle "GM"]
[BlackTitle "FM"]
[WhiteElo "2546"]
[BlackElo "2366"]
[WhiteFideId "13409301"]
[BlackFideId "14210495"]
[EventDate "2023.07.11"]

1. Nf3 Nf6 2. c4 e6 3. g3 b6 4. Bg2 Bb7 5. O-O c5 6. Nc3 d5 7. cxd5 Nxd5 8. d4
Nxc3 9. bxc3 Bd6 10. Qd3 Nd7 11. Rd1 Qc8 12. e4 Be7 13. d5 e5 14. c4 O-O 15. Bb2
Bd6 16. Nh4 g6 17. Bh3 Qc7 18. Rf1 b5 19. cxb5 c4 20. Qc2 a6 21. Bxd7 Qxd7 22.
b6 Rac8 23. Bc3 f5 24. a4 f4 25. Nf3 Rce8 26. Rab1 Qg4 27. Ne1 f3 28. Bb4 Bxb4
29. Rxb4 Rc8 30. Rxc4 Bxd5 31. Rc7 Rxc7 32. Qxc7 Qxe4 33. Nc2 Bc4 34. Rc1 Rf7
35. b7 1-0

[Event "Astana Zhuldyzdary Open A"]
[Site "Astana KAZ"]
[Date "2023.07.12"]
[Round "2.11"]
[White "Kozganbay, Erkin"]
[Black "Bernadskiy, Vitaliy"]
[Result "1-0"]
[BlackTitle "GM"]
[WhiteElo "2337"]
[BlackElo "2545"]
[WhiteFideId "13703773"]
[BlackFideId "14100371"]
[EventDate "2023.07.11"]

1. Nf3 d5 2. g3 g6 3. Bg2 Bg7 4. d4 Nf6 5. O-O O-O 6. c4 Nc6 7. cxd5 Nxd5 8. e4
Nb6 9. d5 Na5 10. Nc3 c6 11. Bf4 cxd5 12. Nxd5 Nxd5 13. exd5 Bxb2 14. Rb1 Bg7
15. Rc1 b6 16. Ne5 Ba6 17. Re1 Rc8 18. Nc6 Nxc6 19. dxc6 Qxd1 20. Rcxd1 Bb5 21.
c7 Ba6 22. Rxe7 Bf6 23. Re3 Kg7 24. Ra3 Be2 25. Re1 Bg4 26. Rxa7 Bc3 27. Rc1 Bb2
28. Rc2 Bd4 29. Bd6 Rfe8 30. h3 Bf5 31. Rd2 Re1+ 32. Kh2 Bc3 33. Rd5 Re2 34.
Rxf5 gxf5 35. Ra8 1-0

[Event "Astana Zhuldyzdary Open A"]
[Site "Astana KAZ"]
[Date "2023.07.12"]
[Round "2.12"]
[White "Nikitenko, Mihail"]
[Black "Tyurin, Artem"]
[Result "1-0"]
[WhiteTitle "GM"]
[BlackTitle "FM"]
[WhiteElo "2540"]
[BlackElo "2342"]
[WhiteFideId "13506862"]
[BlackFideId "44130112"]
[EventDate "2023.07.11"]

1. d4 Nf6 2. Nf3 d5 3. c4 e6 4. Nc3 c5 5. cxd5 cxd4 6. Qxd4 exd5 7. Bg5 Be7 8.
e3 O-O 9. Qa4 h6 10. Bh4 Qb6 11. Qb5 Be6 12. Rd1 Nc6 13. Bxf6 Bxf6 14. Nxd5 Bxd5
15. Rxd5 Bxb2 16. Bc4 Na5 17. Qxb6 axb6 18. Bb5 Rfd8 19. Rxd8+ Rxd8 20. Ke2 Rc8
21. Bd3 Ba3 22. Rb1 Bc5 23. Nd2 Nc6 24. Bc4 Ra8 25. Ne4 Ra4 26. Bd5 Rb4 27. Rxb4
Nxb4 28. Bxb7 Nxa2 29. Nxc5 bxc5 30. Kd3 Nb4+ 31. Kc4 f5 32. Bf3 Kf7 33. Be2 Nc6
34. Kxc5 Ne7 35. Kd6 Kf6 36. h4 g5 37. h5 Nc8+ 38. Kc7 Ne7 39. Bc4 Ke5 40. Kd7
Kf6 41. f4 g4 42. g3 1-0

[Event "Astana Zhuldyzdary Open A"]
[Site "Astana KAZ"]
[Date "2023.07.12"]
[Round "2.13"]
[White "Zverev, Lev"]
[Black "Goganov, Aleksey"]
[Result "1/2-1/2"]
[WhiteTitle "FM"]
[BlackTitle "GM"]
[WhiteElo "2319"]
[BlackElo "2531"]
[WhiteFideId "24250775"]
[BlackFideId "24109959"]
[EventDate "2023.07.11"]

1. e4 e5 2. Nf3 Nc6 3. Bc4 Nf6 4. d3 Bc5 5. O-O O-O 6. h3 d6 7. c3 h6 8. Re1 a5
9. Nbd2 Be6 10. Bb5 Nd7 11. Nf1 f5 12. exf5 Bxf5 13. d4 Bb6 14. Ng3 Bg6 15. Be3
exd4 16. Nxd4 Nxd4 17. Bxd4 Bxd4 18. Qxd4 Nf6 19. Rad1 Kh8 20. Bd3 Bxd3 21. Rxd3
Qd7 22. Rf3 Ng8 23. Rfe3 Rf7 24. Re6 Raf8 25. R1e2 Re7 26. Qg4 Rxe6 27. Rxe6 Qb5
28. Nh5 Rf7 29. Rg6 Qd7 30. Qd4 Qe7 31. f4 Qf8 32. f5 Qe7 33. g4 Qe1+ 34. Kg2
Qe2+ 35. Kg1 Qe1+ 1/2-1/2

[Event "Astana Zhuldyzdary Open A"]
[Site "Astana KAZ"]
[Date "2023.07.12"]
[Round "2.14"]
[White "Harutyunyan, Tigran K."]
[Black "Kamalidenova, Meruert"]
[Result "1/2-1/2"]
[WhiteTitle "GM"]
[BlackTitle "WIM"]
[WhiteElo "2526"]
[BlackElo "2336"]
[WhiteFideId "13303635"]
[BlackFideId "13712802"]
[EventDate "2023.07.11"]

1. c4 Nf6 2. Nf3 g6 3. d4 Bg7 4. g3 O-O 5. Bg2 d6 6. Nc3 Bd7 7. O-O Re8 8. h3 e5
9. e4 exd4 10. Nxd4 Nc6 11. Nc2 a5 12. Re1 a4 13. Rb1 Qc8 14. Kh2 Be6 15. Nd5
Ne5 16. b3 axb3 17. axb3 Bxd5 18. cxd5 Ra2 19. Be3 c5 20. dxc6 Nxc6 21. Bf4 Na5
22. Re2 d5 23. e5 Ne4 24. Bxe4 dxe4 25. Ne3 Rxe2 26. Qxe2 Qe6 27. Nc4 Nxc4 28.
bxc4 Bxe5 29. Qxe4 1/2-1/2

[Event "Astana Zhuldyzdary Open A"]
[Site "Astana KAZ"]
[Date "2023.07.12"]
[Round "2.15"]
[White "Nogerbek, Kazybek"]
[Black "Sapenov, Daniyal"]
[Result "1/2-1/2"]
[WhiteTitle "IM"]
[BlackTitle "FM"]
[WhiteElo "2504"]
[BlackElo "2329"]
[WhiteFideId "13710427"]
[BlackFideId "13728911"]
[EventDate "2023.07.11"]

1. d4 Nf6 2. Nf3 e6 3. c4 d5 4. Nc3 c6 5. cxd5 exd5 6. Qc2 g6 7. Bg5 Be7 8. e3
Bf5 9. Bd3 Bxd3 10. Qxd3 Nbd7 11. Bh6 Qb6 12. Rb1 Ng4 13. Bf4 O-O 14. h3 Ngf6
15. O-O a5 16. Qc2 Qd8 17. a3 Nb6 18. Ne5 Nfd7 19. Nd3 Re8 20. a4 Bf8 21. b3 Nc8
22. Rfe1 Nd6 23. Rbd1 Nf6 24. f3 Nf5 25. g4 Ng7 26. Ne2 Ne6 27. Be5 Rc8 28. Kg2
Nd7 29. Bg3 c5 30. Qb1 cxd4 31. exd4 Qb6 32. Qb2 Bg7 33. Bf2 Nb8 34. Nc3 Nc6 35.
Nxd5 Qd8 36. N5f4 Ncxd4 37. Qb1 Qg5 38. Nxe6 Nxe6 39. Be3 Qf6 40. Nf2 Nf4+ 41.
Bxf4 Qxf4 42. Re4 Qc7 43. Rxe8+ Rxe8 44. Qd3 Qf4 45. Qc4 Qxc4 46. bxc4 Re2 47.
Rd8+ Bf8 48. Kg3 Rc2 49. Rc8 Kg7 50. Ne4 h6 51. f4 Ra2 52. f5 gxf5 53. gxf5 Be7
54. Rc7 Bf8 55. Kf4 Rxa4 56. f6+ Kg8 57. c5 Rc4 58. Ke5 a4 59. Rc8 a3 60. Ra8 a2
61. Kd5 Rc2 62. Nd6 Kh7 63. Nxb7 Kg6 64. Ra6 h5 65. Nd6 Bh6 66. Nc4 Bf4 67. c6
Kg5 68. Kd4 Kh4 69. Ra3 Re2 70. Kd5 Bg3 71. Kd4 Bc7 72. Kd5 Bf4 73. Kd4 Rg2 74.
Ke4 Bc7 75. Ne3 Rd2 76. Nd5 Bd6 77. Ra6 Rc2 78. Ne3 Rxc6 79. Rxa2 Bg3 80. Nd5
Re6+ 81. Kf3 Be5 82. Ra7 Bxf6 83. Rxf7 Bg5 84. Kg2 1/2-1/2

[Event "Astana Zhuldyzdary Open A"]
[Site "Astana KAZ"]
[Date "2023.07.12"]
[Round "2.16"]
[White "Kassimov, Baurzhan"]
[Black "Kazhgaleyev, Murtas"]
[Result "1/2-1/2"]
[WhiteTitle "IM"]
[BlackTitle "GM"]
[WhiteElo "2304"]
[BlackElo "2503"]
[WhiteFideId "13704800"]
[BlackFideId "13700316"]
[EventDate "2023.07.11"]

1. c4 e6 2. Nf3 d5 3. g3 dxc4 4. Qa4+ Nd7 5. Qxc4 a6 6. d4 b5 7. Qc6 Rb8 8. Bf4
Bb4+ 9. Nbd2 Bb7 10. Qc2 Bxf3 11. exf3 Ne7 12. a3 Ba5 13. Bd3 Nd5 14. Be3 Bb6
15. Ke2 e5 16. dxe5 Nxe5 17. Bxb6 Rxb6 18. Rhe1 Rc6 19. Qb1 Ne7 20. Nf1 Nxd3 21.
Qxd3 Rd6 22. Qc3 Nf5 23. Ne3 Nd4+ 24. Kf1 O-O 25. Nc2 Nxc2 26. Qxc2 Rd2 27. Qc3
Qd6 28. Rac1 g6 29. Re3 Rd8 30. b4 Rd3 31. Rxd3 Qxd3+ 32. Kg2 Qxc3 33. Rxc3 Rd6
34. f4 c6 35. Kf3 Kf8 36. f5 gxf5 37. Kf4 Ke7 38. Kxf5 Rd5+ 39. Ke4 Kd6 40. Rf3
Ke6 41. Rc3 f5+ 42. Kf4 Kd6 43. g4 fxg4 44. Kxg4 c5 45. bxc5+ Rxc5 46. Rh3 h5+
47. Kf4 a5 48. Ke4 Rc4+ 49. Kf5 b4 50. axb4 axb4 51. Kg6 h4 52. Kg5 Kc6 53. Rb3
Kb5 54. f4 Ka4 55. Rb1 h3 56. f5 Rc2 57. Rf1 Rxh2 58. Kh4 Rc2 59. Kxh3 b3 60. f6
Rc8 61. Kg4 b2 62. f7 Rf8 63. Kg5 b1=Q 64. Rxb1 Rxf7 1/2-1/2

[Event "Astana Zhuldyzdary Open A"]
[Site "Astana KAZ"]
[Date "2023.07.12"]
[Round "2.17"]
[White "Ohanyan, Emin"]
[Black "Ashraf, Artin"]
[Result "1-0"]
[WhiteTitle "IM"]
[BlackTitle "FM"]
[WhiteElo "2489"]
[BlackElo "2309"]
[WhiteFideId "13312022"]
[BlackFideId "22514805"]
[EventDate "2023.07.11"]

1. d4 Nf6 2. c4 e6 3. Nf3 Bb4+ 4. Bd2 Qe7 5. g3 Nc6 6. Nc3 Bxc3 7. Bxc3 Ne4 8.
Rc1 O-O 9. Bg2 d6 10. O-O Nxc3 11. Rxc3 e5 12. d5 Nb8 13. b4 a5 14. Ra3 Bg4 15.
Nd2 Nd7 16. Rxa5 Rxa5 17. bxa5 f5 18. Nb3 f4 19. Qd2 h5 20. f3 Bf5 21. e4 Bh7
22. Bh3 g5 23. Be6+ Kh8 24. g4 Nf6 25. h3 c5 26. Rb1 Bg8 27. Bxg8 Rxg8 28. Nc1
hxg4 29. hxg4 Rg6 30. Qh2+ Kg8 31. Nd3 Qd7 32. Rb5 Rg7 33. a6 bxa6 34. Rb8+ Kf7
35. Qh8 Kg6 36. Rb6 Qa4 37. Nxe5+ 1-0

[Event "Astana Zhuldyzdary Open A"]
[Site "Astana KAZ"]
[Date "2023.07.12"]
[Round "2.18"]
[White "Suleimen, Ergali"]
[Black "Madaminov, Mukhiddin"]
[Result "1-0"]
[WhiteTitle "FM"]
[BlackTitle "IM"]
[WhiteElo "2296"]
[BlackElo "2471"]
[WhiteFideId "13724452"]
[BlackFideId "14210703"]
[EventDate "2023.07.11"]

1. e4 c5 2. Nf3 d6 3. d4 cxd4 4. Nxd4 Nf6 5. Nc3 Nc6 6. Bg5 e6 7. Qd2 a6 8.
O-O-O Bd7 9. f4 Be7 10. Nf3 b5 11. Bxf6 gxf6 12. f5 Qb6 13. Kb1 b4 14. Ne2 e5
15. Ng3 h5 16. Bc4 Rc8 17. Bd5 a5 18. Nf1 Na7 19. Ne3 Nb5 20. Nc4 Qc7 21. Ka1
Bf8 22. Qf2 a4 23. Rd3 Rb8 24. Rhd1 Be7 25. Qd2 a3 26. b3 Nc3 27. Rxc3 bxc3 28.
Qxc3 Qc5 29. Qe3 Qxe3 30. Nxe3 Bb5 31. c4 Bd7 32. g3 Rb6 33. Nc2 Ra6 34. Rd3 Kd8
35. Bxf7 d5 36. Bxd5 Kc7 37. Kb1 Bf8 38. Kc1 Bh6+ 39. Kd1 Rb8 40. Ke2 Bc1 41.
Rd1 Bb2 42. Nfe1 Bc6 43. Bxc6 Rxc6 44. Rd5 Rg8 45. Kf3 Rd6 46. Nd3 h4 47. Nc5
hxg3 48. hxg3 Rh8 49. Kg2 Rg8 50. Nb4 Bd4 51. Nba6+ Kc6 52. Nb4+ Kc7 53. Ne6+
Kd7 54. c5 Rxd5 55. c6+ Kd6 56. Nxd5 Ba7 57. c7 Bb8 58. cxb8=Q+ Rxb8 59. b4 Rc8
60. Nec7 1-0